00686nam a2200133Ia 450000500170000000800410001702000150005808200130007310000160008624500530010226000430015530000200019850003340021820240805004551.0240331s9999 xx 000 0 und d a8121203368 bAGGa376 aAggarwal, S 0aThree language formula :ban educational problem aNew DelhibGian Publishing Housec1991 aviii, 326 p .,  aSince language is the foundation of all learning, the planning for teaching languages demands not only a scholarly but psychological approach, too. though the three languages formula is an official language policy of the government of India, yet the fact cannot be denied that its impact of the general public should be assessed